แสดงรายละเอียดบรรณานุกรม
  กลับหน้าหลัก

Brief Record : Get Marc (ISO 2709) : E-mail record : QR code ปิดหน้าต่าง
E-books : เกี่ยวกับ Collections
LEADER 00000nam 2200000uu 4500
001    213974
003     ULIBM
008    230910s||||||||th 000 0 tha d
020    ^a9780323749794
041    ^aeng
060 04 ^aWY20.5^bG779b 2021
100 1  ^aGray, Jennifer R.
245 14 ^aThe practice of nursing research :^bappraisal, synthesis,and generation of evidence /^cJennifer R. Gray, Susan K. Grove.
250    ^a9th ed.
260    ^aSt. Louis, Miss. :^bElsevier,^cc2021.
300    ^axviii, 859 p. :^bill.;^c25 cm.
504    ^aIncludes bibliographical references and index
650  0 ^aNursing^xResearch^xMethodology
650  0 ^aEvidence-based nursing
650  2 ^aNursing Research
650  2 ^aEvidence-Based Medicine
700 1  ^aGrove, Susan K.
999    ^aใช้งานได้ทุกระบบ
รายการนี้ยังไม่มีแท็ก
คุณยังไม่ได้ล็อกอิน คุณสามารถมีกิจกรรมร่วมกับเว็บไซต์ได้ แต่ต้องล็อกอินก่อน ::
  ล็อกอิน
ลำดับที่ ประเภท เลขเรียก สถานที่ สถานะ
1. วิทยาศาสตร์สุขภาพ
วิทยาศาสตร์สุขภาพ
WY20.5 G779b 2021 c.1 
  
วิทยาศาสตร์สุขภาพ On Shelf
  ขอยืม
Note:จัดซื้อปีงบประมาณ 2564
   [แสดง 1/1 รายการ]

รายการใกล้เคียง
    หัวเรื่อง [Evidence-based nursing]
    หัวเรื่อง [Nursing Research]
    หัวเรื่อง [Evidence-Based Medicine]

BibComment


ยังไม่เคยถูกคอมเมนท์

คอมเมนท์ทรัพยากรรายการนี้
  คอมเมนท์: The practice of ..
Bib 213974

 
 
 

 Union Library Management : ULibM
Copyright 2026. All Rights Reserved.
скачать бесплатно без регистрации порно красивый секс HD Sex Hindi sex

xxx gou

xxxx

bfxxx

xxxwww

Секса Видео

xxxx

Секса Видео

detube

geilexxx

C99 Shell

worms shell

blod xxx video
Ebony Coed Rihanna Rimes Takes A Dick In Her Young Twat priyaa indian fuck anal and pusssy hardcore indian women xxx desi hardcore fucking part 1 bengalixxxcouple